000 00633nam a2200241Ia 4500
003 OSt
005 20221005114725.0
006 a|||||r|||| 00| 0
007 ta
008 221004b |||||||| |||| 00| 0 ben d
024 _a16448
037 _cTextual
040 _aCRL
_cCRL
_bben
041 _2ben
_aben
082 _aO157:1:9OP, K2;1
100 _aMukhopadhyaya Amritya Dhan
_9626417
245 0 _aBangla Chandoya Mol Sutra
260 _c1969
300 _a243P.
_ccm.
650 _aBENGALI LITERATURE
942 _hO157:1:9OP, K2;1
_cTEXL
_2cc
999 _c1032177
_d1032177